00398pab a2200133 454500008004000000100002300040245010100063260000900164300001400173362000800187650002900195650002000224773002000244180718b2007 xxu||||| |||| 00| 0 eng d aPrebisch, Kerry L. aLocal produce, foreign labor: labor mobility programs and global trade competitiveness in Canada c2007 ap.418-49. aSep aLabour mobility - Canada aLabour mobility aRural Sociology